000 00223 a2200109 4500
020 _a9780763693589
041 _aspa
100 _aJuana Martinez Neal
245 _aAlma y como obtuvo su Nombre
942 _cBK
952 _71
999 _c23767
_d23767